000
00332nam a2200133Ia 4500
008
190723s9999 xx 000 0 und d
020
_a
978-93-325-2031-3
100
_a
Simon Haykin
245
0
_a
Neural Networks and learning Machines
250
_a
13th
260
_a
Uter Pardesh
_b
Pearson
_c
2016
300
_a
918.:p
942
_c
BK
999
_c
1760
_d
1760